Quizzes
Events
Quiz Creation
Community
Videos
Private Events
Remove Ads
Sign In
Join for FREE
Feedback
Dark Mode
Quiz Categories
Sports
Geography
Music
Movies
Television
Just For Fun
Miscellaneous
History
Literature
Language
Science
Gaming
Entertainment
Religion
Holiday
For Kids
Quiz Lab
Recent
Popular Today
Quiz Kudos Today
Editor Picks
Curator Picks
Quizzes by...
Day
Popularity
Type
Ratings
Length
Year
Community
Subscriptions
Recent Discussions
Orange Saloon
Badges
Playlists
Quests
Create
Leaderboards
Showdown
Live 5
Trivia Bingo
Activity
Puzzle Library
Sporcle Events
Private Events
Virtual Trivia
Globe League
Become a Host
Pub Owners
SporcleCon
Opinionation
Our Games
Videos
Blog
Mobile Apps
Partnerships
Remove Ads and Go Orange
Feedback
Miscellaneous
Crossword
General Knowledge
Baby Names
Logo
Food
Cars
Numbers
Grab Bag
University
College
Popular
Company
Slogans
Restaurants
Justice
Letter
Miscellaneous
Crossword
General Knowledge
Baby Names
Logo
Food
Cars
Numbers
Grab Bag
University
College
Popular
Company
Slogans
Restaurants
Justice
Letter
Random Quiz
Search Sporcle
×
Quiz Lab
Quiz Lab
Miscellaneous
Alphabet
Select answers by clicking on text or image buttons
Select answers by clicking on text or image buttons
Clickable
Best Score? Go Orange.
A Phobias Stats
Can you pick the different Phobias that start with The letter A?
By
ball01
8m
41 Questions
65 Plays
65 Plays
65 Plays
Comments
Comments
Give Quiz Kudos
Give Quiz Kudos
-
- Ratings
hide this ad
Forced Order
Answers have to be entered in order
Answers have to be entered in order
Random Order
Randomize order of answers
Randomize order of answers
Replay
Link that replays current quiz
Next Quiz
Link to next quiz in quiz playlist
You Got
0%
They Got
Avg Score
31%
Avg Friend Score
Upgrade to see
Score Distribution
Jump to the score distribution portion of the page
Score
0/41
Timer
08:00
0
Plays Today
% Correct
Fire
69.2%
Noise
69.2%
Numbers
67.7%
Wild animals
66.2%
Cats
61.5%
Stars
55.4%
Bees
53.8%
Washing or Bathing
52.3%
England or English society
47.7%
Men
46.2%
Thunder and Lightning
44.6%
Angry or becoming Angry
43.1%
Chickens
41.5%
Garlic
40%
Dark
38.5%
People or society
36.9%
Being alone
36.9%
Gold
35.4%
Peanut Butter sticking to the roof of your mouth
32.3%
Crossing streets
27.7%
Being Touched
24.6%
% Correct
Dummies or Wax statues
24.6%
Needles and sharp objects
23.1%
Pain
21.5%
Failure
21.5%
Flowers
18.5%
Dust
18.5%
Staying single
18.5%
Wind
18.5%
Looking up
16.9%
People with Amputations
16.9%
Being Forgotton, Ignored or forgetting
15.4%
Disorder or Untideness
13.8%
Itching
13.8%
Being dirty
13.8%
Flutes
13.8%
Kidney Disease
10.8%
Floods
9.2%
One with a vile odor
9.2%
Scratches or being scratched
6.2%
Insanity
6.2%
Quiz Playlist
Details
Report
Send in Message
Add To Playlist
Clickable:
Select answers by clicking on text or image buttons
Forced Order:
Answers have to be entered in order
Random Order:
Randomize order of answers
Last Updated: Feb 16, 2017
Quiz Scoreboard
CHALLENGE
Sign Up to Join the Scoreboard
Show All
Scores
Hide
Comments
May contain spoilers
Recently Published
TV Characters by Other Roles V
by ghcgh
Television
5m
Decade Duel: World Leaders
by jenniferyan
History
4m
Alphabetical 'K' Countries by Flag Minefield
by ylime102
Geography
3m
More to Explore
Quiz From the Vault
Featured Blog Post
15 Basketball Trivia Facts You Can Be March Mad About
hide this ad
You Might Also Like...
Tags
Alphabet Quiz
fear
phobia
Phobias 2
Today's Top Quizzes in Miscellaneous
Browse Miscellaneous
hide this ad
Today's Top Quizzes in Alphabet
Browse Alphabet
Top Contributed Quizzes in Miscellaneous
1
The JOE quick-fire general knowledge quiz: Day 166
2
Spring Months consonants
3
Pick 6: Supreme Pizza
4
The JOE quick-fire general knowledge quiz: Day 165
5
Pick 6: Vegetables
6
Four Seasons
7
Pick 6: University Mascots
8
Guess the 'S' Things in 3 Words
9
Sporcle Acrostic Puzzle XXXV
10
The JOE quick-fire general knowledge quiz: Day 164
Explore More
Trending Topics
Disney
Kpop
Harry Potter
Crossword
Anime
Marvel
NBA
WWE
NFL
Song
Soccer
Country
Pokémon
Puzzle
The Office
hide this ad
More By:
ball01
Quiz
Plays
Rating
Category
Featured
Created
2012 NBA allstars that didn't go to college
1,180
2.67
Sports
Feb 12, 2012
BLHS President's Quiz
1,137
History
Oct 13, 2016
Multiples of 5 in 30 Sec.
1,137
3.30
Miscellaneous
Mar 3, 2014
Real Vs. Fake Colleges
389
3.33
Just For Fun
Sep 2, 2017
NCAA Division 1 Conferences
362
3.00
Sports
Mar 2, 2014
Go to Creator's Profile
Score Distribution
Quiz Creator Spotlight
ball01
Follow
Send a Message
Quizzes Created
-
Created Quiz Play Count
-
More By This Creator
Popular Quizzes Today
1
Countries of Asia Without Outlines Minefield
2
Find the US States - No Outlines Minefield
3
Pick 6: Fruits
4
The Countries of the World
5
Alphabetical 'K' Countries by Flag Minefield
6
Find the Countries of Europe - No Outlines Minefield
7
US States
8
Find the US States
More Miscellaneous Quizzes
American Blanks
Published
Trending Quizzes
Pick 6: Mountains
Pick 6: Harry Potter
Pick 6: Flags
Pick 6: NFL Teams
Pick 6: Movie Franchises
Recently Updated
Adaptations: Name the Title
pecheneg
NWSL Teams
pecheneg
Women's Final Four Teams by Year
bhenderson79
Presidents Quartet II
eogle
Anything But Clue(do)
eogle
Anything But Oceanian Capitals
eogle
Anything But 7
eogle
Anything But Thing
eogle
Word Ladder: February 29
pecheneg
Song Title Questions
pecheneg
Trending Topics
Harry Potter
Disney
Crossword
Marvel
Anime
Kpop
NBA
Song
NFL
Puzzle
Pokémon
Country
The Office
WWE
Soccer
Your Account Isn't Verified!
In order to create a playlist on Sporcle, you need to verify the email address you used during registration. Go to your
Sporcle Settings
to finish the process.
Report this User
Report this user for behavior that violates our
Community Guidelines
.
Details:
Send Report
Go to the Sporcle.com Mobile Site →
Comments